The Inside Story of Taiwan's Quiet Revolution : From Authoritarianism to Open Democracy /
"By James Soong, a key government and party official, this memoir of the years 1988 to 1993 details Taiwan's successful transition from authoritarianism to democracy. This period saw a nonviolent process commonly referred to as Taiwan's quiet revolution that serves as a case study for...
| Autor principal: | |
|---|---|
| Formato: | Electrónico eBook |
| Idioma: | Inglés Chino |
| Publicado: |
Berkeley, CA :
Institute of East Asian Studies, University of California, Berkeley,
[2022]
|
| Colección: | Book collections on Project MUSE.
|
| Temas: | |
| Acceso en línea: | Texto completo |
MARC
| LEADER | 00000cam a22000004a 4500 | ||
|---|---|---|---|
| 001 | musev2_100110 | ||
| 003 | MdBmJHUP | ||
| 005 | 20230905053503.0 | ||
| 006 | m o d | ||
| 007 | cr||||||||nn|n | ||
| 008 | 211119s2022 cau o 00 0 eng d | ||
| 010 | |z 2021056691 | ||
| 020 | |a 9781557291981 | ||
| 020 | |z 9781557291974 | ||
| 035 | |a (OCoLC)1304353094 | ||
| 040 | |a MdBmJHUP |c MdBmJHUP | ||
| 041 | 1 | |a eng |h chi | |
| 100 | 1 | |a Soong, James Chu-yul, |e author. | |
| 240 | 1 | 0 | |a Cong wei quan mai xiang kai fang min zhu. |l English. |
| 245 | 1 | 4 | |a The Inside Story of Taiwan's Quiet Revolution : |b From Authoritarianism to Open Democracy / |c by James Soong. |
| 264 | 1 | |a Berkeley, CA : |b Institute of East Asian Studies, University of California, Berkeley, |c [2022] | |
| 264 | 3 | |a Baltimore, Md. : |b Project MUSE, |c 2022 | |
| 264 | 4 | |c ©[2022] | |
| 300 | |a 1 online resource: |b illustrations, | ||
| 336 | |a text |b txt |2 rdacontent | ||
| 337 | |a computer |b c |2 rdamedia | ||
| 338 | |a online resource |b cr |2 rdacarrier | ||
| 505 | 0 | |a The Driving Force behind Chiang Ching-kuo's Decision to Democratize Taiwan -- A Goal Kicked in: Lee Teng-hui Becomes Acting Party Chair -- The 13th National Congress of the Kuomintang: A Shift in the Lees' Relations -- Becoming Secretary-General of the Kuomintang -- The 1989 Year-End Elections and the Beginning of My Delicate Relationship with John Kuan -- A Second Goal Kicked In: The February Political Disputes, from Beginning to End -- The National Affairs Conference -- Hau Pei-tsun Forms a Cabinet -- Factional Fighting within the Kuomintang -- The DPP and the April 17 Protest -- Revision of Article 100 of the Criminal Code and the Taiwan Independence Provision -- The DPP Joins the National Unification Council -- The "One Institution, Two Phases" Approach to Constitutional Reform -- The 2nd Legislative Yuan Is Voted in and the Provincial Government Is Frozen Out -- Party Diplomacy -- In Conclusion: Political Integration through Centripetal or Centrifugal Force. | |
| 520 | |a "By James Soong, a key government and party official, this memoir of the years 1988 to 1993 details Taiwan's successful transition from authoritarianism to democracy. This period saw a nonviolent process commonly referred to as Taiwan's quiet revolution that serves as a case study for political scientists"-- |c Provided by publisher. | ||
| 588 | |a Description based on print version record. | ||
| 651 | 7 | |a Taiwan. |2 fast |0 (OCoLC)fst01207854 | |
| 651 | 6 | |a Taiwan |x Politique et gouvernement |y 1988-2000. | |
| 651 | 0 | |a Taiwan |x Politics and government |y 1988-2000. | |
| 650 | 7 | |a Politics and government. |2 fast |0 (OCoLC)fst01919741 | |
| 650 | 7 | |a Democratization. |2 fast |0 (OCoLC)fst00890123 | |
| 650 | 6 | |a Democratisation |z Taiwan. | |
| 650 | 0 | |a Democratization |z Taiwan. | |
| 655 | 7 | |a Electronic books. |2 local | |
| 710 | 2 | |a Project Muse. |e distributor | |
| 830 | 0 | |a Book collections on Project MUSE. | |
| 856 | 4 | 0 | |z Texto completo |u https://projectmuse.uam.elogim.com/book/100110/ |
| 945 | |a Project MUSE - Custom Collection | ||


